|
|
|
|
| LEADER |
00782cam a2200205 7i4500 |
| 001 |
0000054199 |
| 005 |
20200825090000.0 |
| 020 |
|
|
|a 0062515675 (electronic book)
|
| 090 |
0 |
0 |
|a F
|b SHA 1997
|
| 100 |
1 |
|
|a Sharma, Robin S
|
| 245 |
1 |
4 |
|a The monk who sold his Ferrari :
|b a fable about fulfilling your dreams and reaching your destiny
|c Robin S. Sharma.
|
| 264 |
|
1 |
|a New York:
|b HarperCollins,
|c 1997.
|
| 300 |
|
|
|a 1 online resource:
|b text file, PDF.
|
| 336 |
|
|
|a text
|2 rdacontent
|
| 337 |
|
|
|a computer
|2 rdamedia
|
| 338 |
|
|
|a online resource
|2 rdacarrier
|
| 650 |
|
0 |
|a English fiction
|
| 655 |
|
0 |
|a Electronic books
|
| 856 |
4 |
2 |
|u http://library.unisel.edu.my/equip-unisel/custom/ebook_catalog/TheMonkWhoSoldHisFerraricompressed.pdf
|
| 999 |
|
|
|a EBO0000672
|b EBOOK
|c EBOOK
|e Electronic resources
|